| 000 | 00444nam a22001577a 4500 | ||
|---|---|---|---|
| 003 | OSt | ||
| 005 | 20260430084456.0 | ||
| 008 | 260430b |||||||| |||| 00| 0 eng d | ||
| 020 | _a 0-07-240270-9 | ||
| 040 |
_aDWC-Main lib _cOC |
||
| 082 | _aCirc. 519.5 Ac99c 2002 | ||
| 100 | _aAczel, Amir D. | ||
| 245 |
_aComplete Business Statistics/ _cAmir D. Aczel |
||
| 260 |
_aNew York, _b Mc-Graw Hill, _c c2002. |
||
| 942 |
_2ddc _cBK-CIRC _kCirc. _n0 |
||
| 999 |
_c10154 _d10154 |
||